HZDS sa so SOP a SDĽ možno spojí pri voľbe primátora Košíc.

Bibliographic Details
Main Author: Némethová, Renáta (Author)
Corporate Author: Košický samosprávny kraj (Slovensko). Úrad (Author)
Format: Article
Language:Slovak
PhysicalDescription:1 foto
ISSN:1335-4566
Subjects:

MARC

LEADER 00000nab a2200000 a 4500
001 vtls000907596
003 SK-MaSNL
005 20260303192240.0
008 040720e20011114xo 0 slo
035 |a KE16533 
040 |a KEVKJB  |b slo  |c KEVKJB  |e AACR2 
041 0 |a slo 
044 |a xo  |c SK 
080 |a 353.2  |2 1981 
080 |a 324  |2 1981 
080 |a 929  |2 1981 
100 1 |a Némethová, Renáta  |4 aut  |9 826895 
245 1 0 |a HZDS sa so SOP a SDĽ možno spojí pri voľbe primátora Košíc. 
300 |b 1 foto 
590 |a Engliš, Alojz  |b predseda KP HZDS 
590 |a Mečiar, Vladimír 1942-,  |b predseda vlády SR, expremiér, politik 
600 1 7 |a Engliš, Alojz  |2 KEVKJB  |9 878541 
600 1 7 |a Mečiar, Vladimír,  |d 1942-,   |2 KEVKJB  |9 10144 
610 2 7 |a Košický samosprávny kraj (Slovensko).  |b Úrad  |2 KEVKJB  |9 30611 
650 0 7 |a voľby  |2 KEVKJB  |9 1580 
650 0 7 |a kandidáti  |2 KEVKJB  |9 29660 
650 0 7 |a podpora  |2 KEVKJB  |9 834389 
650 0 7 |a mítingy predvolebné  |2 KEVKJB  |9 885589 
651 7 |a Košice (Slovensko)  |2 KEVKJB  |9 18694 
651 7 |a KE,  |2 KEVKJB  |9 877256 
655 7 |a periodikum  |2 snkbucl  |9 29553 
710 2 |a Košický samosprávny kraj (Slovensko).  |b Úrad  |4 aut  |9 30611 
773 0 8 |t Košický denník Korzár  |g Roč. 4, č.262, 14.11.2001, s. 2  |x 1335-4566 
852 |a ZVYKNI  |b KIS3GCP 
999 |c 2145124  |d 2147054